[Event "San Francisco Capps Memorial"]
[Site "San Francisco"]
[Date "2005.11.05"]
[Round "4"]
[White "Chan, John"]
[Black "Yeh, Andrew"]
[Result "1-0"]
[WhiteElo "1613"]
[BlackElo "1361"]
[PlyCount "83"]
[EventDate "2005.11.05"]
[EventType "swiss"]
[EventRounds "6"]
[EventCountry "USA"]
[SourceTitle "EXT 2007"]
[Source "ChessBase"]
[SourceDate "2006.11.23"]
[SourceVersion "1"]
[SourceVersionDate "2006.11.23"]
[SourceQuality "1"]

1. c4 e6 2. Nc3 d5 3. cxd5 exd5 4. d4 c5 5. Nf3 Nc6 6. e3 Nf6 7. Bb5 a6 8. Bxc6+ bxc6 9. 0-0 Bg4 10. h3 Bh5 11. g4 Nxg4 12. hxg4 Bxg4 13. a3 Qf6 14. Kg2 Bd6 15. dxc5 Bc7 16. Nxd5 cxd5 17. Qxd5 0-0 18. Nd4 Qg6 19. f4 Be6+ 20. Qg5 Bc4 21. Rf2 Ba5 22. Qxg6 fxg6 23. Bd2 Bd5+ 24. Kg3 Bd8 25. a4 Rb8 26. b4 g5 27. Re1 Re8 28. b5 axb5 29. axb5 Re4 30. b6 Bf6 31. Nf5 Ra8 32. Nd6 Re6 33. Nb5 gxf4+ 34. exf4 Rc6 35. Nc7 Ra3+ 36. Re3 Bd8 37. Rxa3 Rg6+ 38. Kh2 Rh6+ 39. Rh3 Rxh3+ 40. Kxh3 Be4 41. f5 Kf7 42. Ne6 1-0